Big Data Analytics with R and Hadoop (Record no. 10839)

MARC details
000 -LEADER
fixed length control field 00342nam a22001457a 4500
003 - CONTROL NUMBER IDENTIFIER
control field OSt
008 - FIXED-LENGTH DATA ELEMENTS--GENERAL INFORMATION
fixed length control field 210814b ||||| |||| 00| 0 eng d
082 ## - DEWEY DECIMAL CLASSIFICATION NUMBER
Classification number 658.472 PRB
100 ## - MAIN ENTRY--PERSONAL NAME
Personal name PRAJAPATI,Vignesh
245 ## - TITLE STATEMENT
Title Big Data Analytics with R and Hadoop
260 ## - PUBLICATION, DISTRIBUTION, ETC. (IMPRINT)
Place of publication, distribution, etc Mumbai
Name of publisher, distributor, etc Packet
Date of publication, distribution, etc 2013
300 ## - PHYSICAL DESCRIPTION
Extent 219
650 ## - SUBJECT ADDED ENTRY--TOPICAL TERM
Topical term or geographic name as entry element IT
942 ## - ADDED ENTRY ELEMENTS (KOHA)
Source of classification or shelving scheme Dewey Decimal Classification
Koha item type Text Books
942 ## - ADDED ENTRY ELEMENTS (KOHA)
-- 2
Holdings
Withdrawn status Lost status Source of classification or shelving scheme Damaged status Not for loan Collection code Home library Current library Date acquired Source of acquisition Currency Cost, normal purchase price Bill Number Total Checkouts Full call number Acc. no. / Barcode Date last seen Date last borrowed Actual Cost, discounted price Bill Date Koha item type
    Dewey Decimal Classification     B.Tech(IT) PIET C-LIBRARY PIET C-LIBRARY 15/07/2021 Kirti Praskshan IN Rupees 3499.00 IN2263 2 658.472 PRB 33134 29/07/2023 20/03/2023 2904.17 15/07/2021 Text Books
    Dewey Decimal Classification     B.Tech(IT) PIET C-LIBRARY PIET C-LIBRARY 15/07/2021 Kirti Praskshan IN Rupees 3499.00 IN2263 1 658.472 PRB 33135 08/04/2022 28/02/2022 2904.17 15/07/2021 Text Books

Design & Developed by: PIET Central Library
R70 Miles Stone Pattikalyana Samalkha Panipat 132102
mail ID :- [email protected], Phone No:- 0180-2569700 Ex.216